000 00474nam a2200169Ia 4500
999 _c26936
_d26936
003 OSt
005 20201214123753.0
008 190216s9999||||xx |||||||||||||| ||und||
040 _coclc
082 _a894.812
_bPAU/C
100 _aPaul, M P
_96744
245 0 _aCherukadha Prasthanam /
_cM P Paul
260 _bNational Book Stall.
_aKottayam:
_c1932.
300 _a150p
650 _aNiroopanam
942 _cBK
_2ddc
_h894.812
_iPAU/C
_k894.812
_mPAU/C